000 01488nam a22003257a 4500
999 _c23423
_d23423
003 AR-CdUCM
008 251222b2023 pe ||||| |||| 00| 0 spa d
040 _aMUNICIPALIDAD PROVINCIAL DEL CUSCO
_cBIBLIOTECA MUNICIPAL DEL CUSCO
041 _hspa
082 _a333.91 /
_bG55
100 _aGobierno Regional Cusco :
_951912
245 _aInventario de Glaciares :
_bÁrea de Conservación Regional Choquequirao /
260 _aCusco :
_bGobierno Regional Cusco
_c2023
300 _a131 páginas. :
_c21 x 29 cm.
505 _aUbicación -- Área de estudio -- Accesibilidad -- Características Físicas -- Geología -- Pendientes -- Geomorfología -- Clima -- Cobertura vegetal -- Actividades Socioeconómicas -- Población y vivienda -- Agricultura y ganadería -- Turismo y cultura -- Glaciares -- Características principales -- Monitoreo -- Riesgo -- Resultados del inventario -- Lagunas de origen glaciar -- Peligro -- Sectores críticos....
650 _aUbicación Geográfica
_949570
650 _aGeopolítica
_98326
650 _aCordillera de Vilcabamba
_951789
650 _aValles transversales
_951790
650 _aGlaciares
_927105
650 _aMetodología
_92264
650 _aImagen satelital
_951791
650 _aCaracterización
_951792
650 _aNevados
_91520
650 _aLagunas
_917386
650 _aProyección de información
_951793
650 _aProbabilidad de deslizamiento
_951794
942 _2ddc
_cLIBROS
945 _ajmcs
_d22/12/2025